00566nam a2200181Ia 450000500170000000800410001702000250005804000190008304100120010208200160011410000230013024501000015326000410025330000180029450400500031265000120036285000100037420221128105723.0131103s9999 xx 000 0 und d aSBN 19562066cRs.185 aLoreto College aEnglish a954.14bRAY aRaychaudhuri,Tapan aEurope Reconsideredb perceptions of the west in nineteenth century Bengal cTapan Raychaudhuri aDelhibOxford University Pressc1988 axviii,369 p.  aIncludes bibliographical references and index aHistory aLCLIB